By way of the East, or, Gathered light from our travels in Palestine, Egypt, Smyrna, Ephesus, etc,

Bibliographic Details
Main Author: Cook, Augusta (Author)
Corporate Author: Adam Matthew Digital (Firm) (digitiser.)
Format: eBook
Language:English
Published: London : Robert Banks and Son, 1908.
Series:AM Scholar: Women's Studies.
Subjects:
Online Access:Connect to the full text of this electronic book

MARC

Tag First Indicator Second Indicator Subfields
LEADER 00000cam a2200000Mi 4500
001 in00005489621
006 m o d
007 cr |||||||||||
008 200630s1908 enka o 000 0 eng d
005 20240917182450.8
035 |a (OCoLC)on1244008174 
040 |a UKAMD  |b eng  |e rda  |e pn  |c UKAMD  |d OCLCF  |d OCLCO  |d OCLCL 
035 |a (OCoLC)1244008174 
050 4 |a DS49 
082 0 4 |a 915.6042  |2 23 
049 |a TXAM 
100 1 |a Cook, Augusta,  |e author. 
245 1 0 |a By way of the East, or, Gathered light from our travels in Palestine, Egypt, Smyrna, Ephesus, etc,  |f 1908 /  |c by Augusta Cook ; with an introduction by the Rev. Marcus Bergmann. 
264 1 |a London :  |b Robert Banks and Son,  |c 1908. 
300 |a 1 online resource (1 volume (232 pages, 16 unnumbered leaves of plates)) :  |b illustrations (black and white). 
336 |a text  |b txt  |2 rdacontent 
337 |a computer  |b c  |2 rdamedia 
338 |a online resource  |b cr  |2 rdacarrier 
490 1 |a AM Scholar: Women's Studies. 
500 |a "Collection: Colonial Discourses"--Home page. 
500 |a "Original Microfilm Series: Series One: Women, Travel & Empire, 1660-1914"--Home page. 
500 |a "Original Microfilm Part: Part 2: Women and the Orient"--Home page. 
500 |a "Original Microfilm Reel: 37"--Home page. 
535 1 |a The Bodleian Libraries 
542 |f Material sourced from the Bodleian Libraries. 
588 |a Description based on online resource; title from scanned document's title page (viewed on June 30, 2020). 
651 0 |a Middle East  |x Description and travel. 
650 7 |a Travel  |2 fast 
651 7 |a Middle East  |2 fast 
655 7 |a Electronic books.  |2 local 
710 2 |a Adam Matthew Digital (Firm),  |e digitiser. 
758 |i has work:  |a By way of the East (Text)  |1 https://id.oclc.org/worldcat/entity/E39PCYpqBPwFWfGTJQTptd6TjK  |4 https://id.oclc.org/worldcat/ontology/hasWork 
830 0 |a AM Scholar: Women's Studies. 
856 4 0 |u http://proxy.library.tamu.edu/login?url=https://www.amscholar.amdigital.co.uk/Documents/Details/ColonialDiscourses_Part2_Reel37_Vol3  |z Connect to the full text of this electronic book  |t 0 
955 |a Adam Matthew Scholar Women's Studies 
994 |a 92  |b TXA 
999 f f |s 158dd32e-38a4-40ef-bb16-2270af2fb592  |i 8c952346-a718-4ce5-8162-0352c48bd7f7  |t 0 
952 f f |a Texas A&M University  |b College Station  |c Electronic Resources  |d Available Online  |t 0  |e DS49   |h Library of Congress classification 
998 f f |a DS49   |t 0  |l Available Online